Al-Fatihah ibu al-Quran

Bibliographic Details
Main Author: Syalabiy, Saad Ismail
Other Authors: Abdul Rahman Ahmad (penterjemah)
Format: Book
Published: Kuala Lumpur : DBP , 1993
Series:Siri pendidikan Al Quran untuk kanak-kanak
Subjects:

MARC

LEADER 00000cam a2200000 7i4500
001 0000006618
002 000007140
005 20000330.0
020 |a 9836229736 
090 0 0 |a 297.122   |b SYA 
100 1 |a Syalabiy, Saad Ismail 
245 1 0 |a Al-Fatihah ibu al-Quran   |c Saad Ismail Syalabiy ; penterjemah Abdul Rahman Ahmad 
260 |a Kuala Lumpur :   |b DBP ,   |c 1993 
300 |a 23p. :   |b ill. ;   |c 23cm. 
490 0 |a Siri pendidikan Al Quran untuk kanak-kanak 
650 0 0 |a Islamic stories, Malay 
700 1 |a Abdul Rahman Ahmad ,   |e penterjemah 
999 |a 039889   |b BUKU   |c PINJAMAN   |e PERPUSTAKAAN KOMUNITI PETALING JAYA 
999 |a 039890   |b BUKU   |c PINJAMAN   |e PERPUSTAKAAN KOMUNITI PETALING JAYA 
999 |a 046284   |b BUKU   |c JUNIOR BOOKS   |e PERPUSTAKAAN KOMUNITI CAW KOTA DAMANSARA 
999 |a 046285   |b BUKU   |c JUNIOR BOOKS   |e PERPUSTAKAAN KOMUNITI CAW KOTA DAMANSARA